| 000 | 00538nam a2200157Ia 4500 | ||
|---|---|---|---|
| 008 | 170221s9999 xx 000 0 und d | ||
| 100 | _aIsidoropaolo Casteltrione | ||
| 245 | _aFacebook and Political Information in Italy and the UK: An Antidote against Political Fragmentation and Polarisation? | ||
| 245 | _cIsidoropaolo Casteltrione | ||
| 260 | _bOnline Journal of Communication and Media Technologies | ||
| 260 | _c2012 | ||
| 300 | _aX : 2 | ||
| 650 | _xCommunication | ||
| 650 | _xMedia Arts | ||
| 856 | _uhttp://www.ojcmt.net/ | ||
| 999 |
_c309063 _d309063 |
||